000 00263nam a2200109Ia 4500
008 230907s9999||||xx |||||||||||||| ||und||
082 _a621.319
_bSMA
245 0 _aSmart grid security :
260 _aSpringer,
_bNew York :
_c2013
300 _ap. cm.
942 _cBK
999 _c597809
_d597809